Tourism in China: (Record no. 1678495)

MARC details
000 -LEADER
fixed length control field 00736 a2200241 4500
005 - DATE AND TIME OF LATEST TRANSACTION
control field 20260309153757.0
008 - FIXED-LENGTH DATA ELEMENTS--GENERAL INFORMATION
fixed length control field 260309b |||||||| |||| 00| 0 eng d
020 ## - INTERNATIONAL STANDARD BOOK NUMBER
International Standard Book Number 978-041585-313-2
037 ## - SOURCE OF ACQUISITION
Terms of availability TB
040 ## - CATALOGING SOURCE
Original cataloging agency CRL
Transcribing agency CRL
041 ## - LANGUAGE CODE
Source of code eng
Language code of text/sound track or separate title eng
084 ## - COLON CLASSIFICATION NUMBER
Classification number U8.41 P9
Assigning agency CRL
245 ## - TITLE STATEMENT
Title Tourism in China:
Remainder of title destination, cultures and communities
260 ## - PUBLICATION, DISTRIBUTION, ETC.
Place of publication, distribution, etc. New York, USA:
Name of publisher, distributor, etc. Routledge
Date of publication, distribution, etc. 2009
300 ## - PHYSICAL DESCRIPTION
Extent xv,399p.
365 ## - TRADE PRICE
Price amount 50.99
Currency code GBP
650 ## - SUBJECT ADDED ENTRY--TOPICAL TERM
Topical term or geographic name entry element Travel
650 ## - SUBJECT ADDED ENTRY--TOPICAL TERM
Topical term or geographic name entry element geography
700 ## - ADDED ENTRY--PERSONAL NAME
Personal name Ryan, Chris
Relator term Editor,
9 (RLIN) 1131405
700 ## - ADDED ENTRY--PERSONAL NAME
Personal name Huimin, Gu
Relator term Editor,
9 (RLIN) 1131406
942 ## - ADDED ENTRY ELEMENTS (KOHA)
Koha item type Textbook
Source of classification or shelving scheme Colon Classification (CC)
Classification part U8.41 P9
Holdings
Withdrawn status Lost status Source of classification or shelving scheme Damaged status Not for loan Home library Current library Date acquired Source of acquisition Cost, normal purchase price Total Checkouts Date last seen Cost, replacement price Price effective from Koha item type Inventory number Full call number Barcode Public note
    Colon Classification (CC)     Central Library Central Library 2026-02-09 18 4391.31   2026-02-09 6273.30 2026-02-09 Textbook        
    Colon Classification (CC)     Central Library Central Library 2026-02-19 Bright Book Service 4417.01   2026-02-19 6310.01 2026-02-19 Textbook 2611 & 16/02/2026/ 2597 & 05/02/2026 U8.41 P9 CL1926585 Department of Continuing Education and Extension
    Colon Classification (CC)     Central Library Central Library 2026-02-19 Bright Book Service 4417.01   2026-03-09 6310.01 2026-02-19 Textbook 2611 & 16/02/2026/ 2597 & 05/02/2026 U8.41 P9 CL1925912 Department of Continuing Education and Extension
Copyright @ Delhi University Library System